Vocabulaire scientifique Anglais -> Français - Statistiques

Statistiques générales
  • Ce quiz a été pris 71 fois
    51 depuis la dernière actualisation
  • Le résultat moyen est 7 sur 20
Statistiques - réponses
Anglais Francais % Correct
data les données
100%
to test a hypothesis tester une hypothèse
100%
a tool un outil
86%
to solve a problem résoudre un problème
83%
a researcher un chercheur / une chercheuse
83%
to reach a conclusion parvenir / arriver à une conclusion
80%
a sample un échantillon
80%
empirical research la recherche empirique
75%
plagiarism le plagiat
75%
a poll / survey un sondage
75%
to collect data collecter des données
67%
screening dépistage
67%
(to make) a discovery (faire) une découverte
67%
a trend une tendance
67%
to investigate enquêter
60%
a case study une étude de cas
60%
to make a prediction faire une prédiction
57%
a sampling method(s) une méthode d'échantillonage
50%
a trial un test / un essai
43%
a patent / to patent un brevet / breveter
40%
to prevent the spread of empêcher la propagation de
33%
a disease une maladie
33%
an abstract un résumé
33%
a breakthrough une percée
29%
ongoing continu / en cours
25%
to assess / to appraise évaluer
25%
the scientific field le domaine scientifique
25%
to challenge (a theory; an idea) remettre en question / contester (une théorie; une idée)
25%
ground-breaking révolutionnaire / novateur
25%
a random sample un échantillon aléatoire
25%
a field study une étude de terrain
25%
a control group un groupe de contrôle
25%
teamwork un travail d'équipe
25%
to establish a framework établir un cadre
22%
in-depth (adjective) approfondi(e)
20%
to follow a pattern suivre un schéma
20%
a database une base de données
20%
a desk study une étude de bureau
20%
a controlled experiment une expérience contrôlée
20%
a thorough analysis une analyse approfondie
17%
a scientific puzzle une énigme scientifique
17%
a limb un membre (anatomie)
17%
to share results partager les résultats
14%
software (uncountable noun) un logiciel
14%
to receive a research grant recevoir une bourse de recherche
13%
findings résultats
13%
germs (noun) microbes
10%
on the verge of a discovery à la veille d'une découverte
0%
to make great strides avancer à grands pas
0%
to apply for funding demander un financement
0%
scientific pursuit des travaux scientifiques
0%
to carry out tests effectuer des essais
0%
to be on the trail of être sur la piste de
0%
a peer review examen par les pairs
0%
evidence-based fondée sur des preuves
0%
to carry out (research/tests) mener une étude / réaliser des tests
0%
to conduct an experiment réaliser une expérience
0%
to enter data in a spreadsheet saisir des données dans une feuille de calcul
0%
pioneering research une recherche innovante
0%
cutting-edge technology une technologie de pointe
0%
Aucun quiz correspondant
Distribution des résultats
% des personnes avec chaque résultat
Percentile par nombre de réponses
Votre historique - résultats
Vous n’avez pas pris ce quiz depuis la dernière actualisation